How to Say "Thank you" Around the World - Statistics

General Stats
  • This quiz has been taken 134 times
    121 since last reset
  • The average score is 6 of 10
Answer Stats
Language Answer % Correct
English Thank you
98%
French Merci
90%
Spanish Gracias
89%
German Danke
81%
Japanese ありがとう
61%
Italian Grazie
61%
Portugese Obrigado
43%
Chinese 谢谢
37%
Korean 고맙습니다
9%
Afrikaans Dankie
6%
No matching quizzes found
Score Distribution
Percent of People with Each Score
Percentile by Number Answered
Your Score History
You have not taken this quiz since the last reset